000 01058nam a2200313 a 4500
003 AR-BaBNM
005 20251128210914.0
008 082120s2002 ||||||||||||||000 | spa||
020 _a84-316-2518-x
040 _cAR-BaBNM
100 1 _aLópez Rupérez, Francisco
245 0 0 _aCómo estudiar física
_bguía para estudiantes
250 _a1ª ed.
260 _aBarcelona
_bVicens Vives
_bMinisterio de Educación y Ciencia
_c1987
300 _a198 p.
_bgráfs., tablas
500 _aContiene referencias bibliográficas
500 _aEste trabajo recibió el Premio Nacional de Innovación Educativa 1986 otorgado por el Ministerio de Educación y Ciencia de España
650 4 _aENSEÑANZA DE LA FISICA
650 4 _aEXPERIMENTOS CIENTIFICOS
650 4 _aSOLUCION DE PROBLEMAS
650 4 _aDIFUSION DE LA INFORMACION
650 4 _aELABORACION DE INFORMES
650 4 _aCONCEPTOS CIENTIFICOS
650 4 _aMETODOS DE ESTUDIO
653 _aMETODO CIENTIFICO
653 _aCONOCIMIENTO CIENTIFICO
942 _cBK
998 _cRAQUEL
999 _c17394
_d17394